Score 0/30 Timer 04:00
2 Plays Today
% Correct
abet
83.7%
amps
78.9%
aims
78.8%
best
78.8%
elms
78.2%
begs
77.8%
cent
77.8%
deft
77.7%
blow
77.6%
bios
77.5%
demo
77.5%
chin
77.5%
chow
77.5%
clot
77.4%
dirt
77.2%
% Correct
deny
77.2%
copy
76.9%
hint
76.9%
hips
76.7%
cops
76.7%
fist
76.3%
host
76.3%
flop
76.2%
gory
75.8%
fort
75.6%
film
75.5%
nosy
75.3%
fins
75.2%
flux
75%
crux
73.9%
Remove Ads.
Support Sporcle.
Get the best of Sporcle when you Go Orange. This ad-free experience offers more features, more stats, and more fun while also helping to support Sporcle. Thank you for becoming a member.

You're not logged in!

Compare scores with friends on all Sporcle quizzes.
OR
Log In

Show Comments

Extras

Top Quizzes Today


Score Distribution

Your Account Isn't Verified!

In order to create a playlist on Sporcle, you need to verify the email address you used during registration. Go to your Sporcle Settings to finish the process.

Report this User

Report this user for behavior that violates our Community Guidelines.

Details: